00238nam a2200097Ia 4500008004100000100002200041245003500063260001800098942000700116999001700123190216s9999||||xx |||||||||||||| ||und|| aKrishna Menon V K 0aIndiayum Chinayude Akramanavum bCurrent Books cBK c23677d23677